000 00684nam a2200265Ia 4500
003 OSt
005 20221006155448.0
006 a|||||r|||| 00| 0
007 ta
008 221006b |||||||| |||| 00| 0 chi d
020 _cYu 4.7(Total)
024 _a42,039
037 _bGift,
_cTextual
040 _aEASL
_cEASL
_bchi
041 _2chi
_achi
082 _aO41,3N00, M0.
100 _aXia Yan
_9669321
245 0 _aXiayan Xuanji
260 _aBeijing
_bRenmin Wenxue Chubanshe China
_c1980
300 _a425+817p.
_ccm.
490 _v V.1CL
650 _aCL
_9642733
942 _hO41,3N00, M0.
_cTEXL
_2CC
999 _c1110125
_d1110125